| 000 | 00410cam a2200157ua 4500 | ||
|---|---|---|---|
| 020 | _a139780074603376 | ||
| 082 |
_a621.8152 _bSID/MA |
||
| 100 |
_aSidheswar, N . _9307 |
||
| 245 | _aMachine drawing, Part I / | ||
| 250 | _a5 / | ||
| 260 |
_aNew Delhi _bTata Mc-Graw Hill Publishing Company , _c1985. |
||
| 300 | _a267 ; . | ||
| 700 | 1 |
_aKannaiah, P . _9308 |
|
| 700 | 1 |
_aSastry, V.V.S . _9309 |
|
| 942 | _cBK | ||
| 999 |
_c1932 _d1932 |
||